[Event "Bucharest ROM GP"]
[Site "Bucharest"]
[Date "2025.05.11"]
[Round "7"]
[White "Patrascu, Catalin Lucian"]
[Black "Ungureanu, Constantin Gabriel"]
[Result "1-0"]
[WhiteElo "2279"]
[BlackElo "1805"]
[PlyCount "73"]
[EventDate "2025.05.10"]
[EventType "swiss"]
[EventRounds "10"]
[EventCountry "ROU"]
[SourceTitle "CB20_2025"]
[SourceDate "2025.05.14"]
[SourceVersion "1"]
[SourceVersionDate "2025.05.14"]
[SourceQuality "1"]

1. e4 c5 2. Nf3 d6 3. d4 cxd4 4. Nxd4 Nf6 5. Nc3 a6 6. Be3 e5 7. Nb3 Be6 8. f3 d5 9. exd5 Nxd5 10. Nxd5 Qxd5 11. Qxd5 Bxd5 12. 0-0-0 Bxb3 13. axb3 Nd7 14. Bc4 Bc5 15. Bxc5 Nxc5 16. Rhe1 Nd7 17. Bxf7+ Ke7 18. f4 Rhf8 19. fxe5 Nxe5 20. Bh5 Ke6 21. Bg4+ Kf6 22. Rd6+ Kg5 23. Rxe5+ Kxg4 24. Rd4+ Rf4 25. h3+ Kg3 26. Rg5+ Kh4 27. Rg4+ Rxg4 28. Rxg4+ Kh5 29. Rxg7 h6 30. Rxb7 Rf8 31. Rg7 Rf2 32. g4+ Kh4 33. Rg6 Kxh3 34. Rxh6+ Kxg4 35. Rxa6 Kf5 36. Rd6 Ke5 37. Rd1 1-0